| 000 | 01721nam a2200349 i 4500 | ||
|---|---|---|---|
| 003 | DO-SdBNP | ||
| 005 | 20260414143449.0 | ||
| 007 | ta | ||
| 008 | 260414b1995 dr ||||| |||| 00| 0 spa d | ||
| 040 |
_aDO-SdBNP _bspa _cBNPHU _erda |
||
| 041 | _aspa | ||
| 082 | 4 |
_a923.2 _bG984he _222 |
|
| 100 | 1 |
_aGutiérrez Félix, Euclides, _d1936- _eautor _4aut. _95673 |
|
| 245 | 1 | 0 |
_aHéroes y próceres dominicanos / _cEuclides Gutiérrez Félix ; composición y diagramación, Socorro Espinal |
| 250 | _aprimera edición | ||
| 264 | 4 |
_aSanto Domingo, República Dominicana : _bSecretaría de Estado de Educación, Bellas Artes y Cultos, _c©1995. |
|
| 300 |
_a104 páginas ; _c23 cm. |
||
| 336 |
_atexto _btxt _2rdacontent |
||
| 337 |
_asin mediación _bn _2rdamedia |
||
| 338 |
_avolumen _bnc _2rdacarrier |
||
| 500 | _aIncluye referencias bibliográficas y notas al pie de las páginas. | ||
| 504 | _aBibliografía: páginas 99-104 | ||
| 505 |
_aIntroducción / _tEnriquillo / _rJuan Pablo Duarte / _rFrancisco del Rosario Sánchez / _rMatías Ramón Mella / _rAntonio Duverge / _rJosé María Cabral / _rPedro Pimentel / _rGaspar Polanco / _rGregprio Luperón / _rMarcos Adon / _rEusebio Manzueta / _rFernando Arturo de Meriño / _rRafael Tomas Fernández Dominguez / _rFrancisco Caamaño Deño / _tBibliografía. |
||
| 590 | _aInventariado, 2026/BT | ||
| 650 | 7 |
_aRevolucionarios _zRepública Dominicana _xBiografía _2LIBRUNAM _912091 |
|
| 650 | 4 |
_aHéroes _zRepública Dominicana _xBiografía _2LIBRUNAM _912092 |
|
| 650 | 4 |
_aJefes de estado _xBiografía _zRepública Dominicana _912093 |
|
| 650 | 4 |
_aHéroes _xBiografía _zAmérica _912094 |
|
| 651 | 7 |
_aRepública Dominicana _xBiografía _91325 |
|
| 910 | _aBtavárez | ||
| 942 |
_2ddc _cLBS1 |
||
| 999 |
_c60546 _d60546 |
||